01310nam a22002297a 45000010005000000030006000050050017000110080041000280200018000690400029000870500014001160820012001301000030001422450070001722500027002422600035002693000045003045200652003496500021010016500026010227000032010485339FISKH20250609155001.0241127b cb ||||| |||| 00| 0 eng d a9780545584418 aFISKHbengcFISKHdFISKH aGV867.G65 a796.357 aGolenbock, Peterd(1946-) aABCs of baseball /cby Peter Golenboack Pictures by Dan Andreasen aFirst printing in 2013 aNew York :bScholastic,c2013. a32 pages :bColor illustrations ;c21 cm a"From young to old, new to tried-and-true, here is the baseball book for every fan. With one or more baseball-related terms for each letter arranged in alphabetic order, accompanied by a stirring illustration, this gorgeous compendium celebrates America's game. Large paintings of scenes alternate with scrapbook-style pages. Facts, figures, faces, lists, and other information comprise an additional resource in the back of the book. As contemporary as today's sports page and as nostalgic as an old baseball card, this is an alphabet book for kids, their parents and grandparents that can be used all through the year." -- Provided by publisher. 2AlphabetaSports 2BaseballaNon-fiction aAndreasen, DandIllustrator